[Event "Gibraltar U12 op"]
[Site "Caleta"]
[Date "2017.08.20"]
[Round "4"]
[White "Tosun Martinez, Enrique"]
[Black "Schulz, Victor"]
[Result "1/2-1/2"]
[WhiteElo "1150"]
[BlackElo "1516"]
[PlyCount "67"]
[EventDate "2017.08.18"]
[EventType "swiss"]
[EventRounds "6"]
[EventCountry "GGB"]
[SourceTitle "CBM 180 Extra"]
[Source "ChessBase"]
[SourceDate "2017.10.06"]
[SourceVersion "1"]
[SourceVersionDate "2017.10.06"]
[SourceQuality "1"]

1. d4 Nf6 2. Nf3 c5 3. c3 b6 4. Bf4 d6 5. h3 Bb7 6. e3 Nbd7 7. Be2 g6 8. 0-0 Bg7 9. Nbd2 0-0 10. Qc2 Rc8 11. Rfd1 cxd4 12. exd4 Nd5 13. Bh2 N5f6 14. Qa4 a6 15. Qb3 Ne4 16. Nxe4 Bxe4 17. Ng5 Bb7 18. Bc4 d5 19. Bxd5 Bxd5 20. Qxd5 e6 21. Nxe6 fxe6 22. Qxe6+ Rf7 23. Re1 Qf6 24. Bg3 Qxe6 25. Rxe6 Rf6 26. Re7 Rf7 27. Rae1 Rcf8 28. f3 b5 29. d5 Rxe7 30. Rxe7 Rf7 31. Re8+ Rf8 32. Re7 Rf7 33. Re8+ Rf8 34. Re7 1/2-1/2